Normal view MARC view

Entry Personal Name

Number of records used in: 1

001 - CONTROL NUMBER

  • control field: 1040410

003 - CONTROL NUMBER IDENTIFIER

  • control field: OSt

005 - DATE AND TIME OF LATEST TRANSACTION

  • control field: 20260121161121.0

008 - FIXED-LENGTH DATA ELEMENTS

  • fixed length control field: 260121|| aca||aabn | a|a d

040 ## - CATALOGING SOURCE

  • Original cataloging agency: OSt
  • Transcribing agency: OSt

100 ## - HEADING--PERSONAL NAME

  • Personal name: Rosemary Gordon; Michael Fordham; Kenneth Lambert; Judith Hubback

670 ## - SOURCE DATA FOUND

  • Source citation: Work cat.: (OSt)1607226: Rosemary Gordon; Michael Fordham; Kenneth Lambert; Judith Hubback , Technique in Jungian Analysis
Copyright @ Delhi University Library System